000 01046nam0a22003011 4500
001 v19\rc\2032212
005 20251118181614.9
035 _a(NLR Aleph) 005119992
090 _a7583976
_c7583976
100 _a20080925d1917 |||y0rusy50 ca
101 0 _arus
102 _aRU
105 _ay z |||||
200 1 _aЧто такое буржуазия?
_fН. Кадмин
210 _aМосква
_cИдея
_d[1917]
215 _a15 с.
_d17
225 1 _aОбщедоступная народная библиотечка
_vВып. 8
300 _aАвт. установлен по изд.: Масанов И.Ф. Словарь псевдонимов... М., 1957. Т. 2. С. 48
700 1 _aАбрамович
_bН. Я.
_f1881-1922
_gНиколай Яковлевич
790 1 _aКадмин
_bН.
_f1881-1922
801 0 _aRU
_bNLR
_gpsbo
801 0 _aRU
_bRuMoRGB
_2psbo
801 1 _aRU
_bProSoft-M
_2rusmarc
852 _aNLR
_j17.125.5.7(вып. 8)
899 _aRuMoRGB
_jV 211/237
899 _aГПИБ
942 _cBOOK
980 _aNB